000 00592ntaaa2200181 4500
003 01
005 20251027203156.0
008 0714s1973 ag 01
040 _aAR-BaBN
_bspa
_cAR-BaBN
_eaacr
_dRIC
082 _a150.1 K89c
100 _aKristal, Leonard
_933263
245 _aComprenda la Psicología. Una perspectiva personal. /
_cLeonard Kristal,,
250 _a1 ed.
260 _aMexico :
_bEditorial Tierra Firme, S.A.,
_c1980
300 _a128 ;
_c22.7 cm
500 _aBibliografía Pp 123-125, Contiene fotografías, indice de lecturas sugeridas, notas.
650 _aPSICOLOGIA
_92648
999 _c27210
_d27210